Husitská trilogie. Kniha třetí, Lux perpetua /
Závěrečný díl „husitské“ trilogie, v němž hlavní hrdina nadále bojuje se všemi svými nepřáteli převážně na území Čech.
Uloženo v:
| Série: | Husitská trilogie,
část 3 |
|---|---|
| Hlavní autor: | |
| Další autoři: | |
| Médium: | E-kniha |
| Jazyk: | Czech |
| Vydáno: |
Petřvald :
Leonardo,
2022
|
| Vydání: | Vydání třetí |
| Témata: | |
| Příbuzné jednotky: | Z cyklu::
Husitská trilogie |
| Tagy: |
Žádné tagy |
| LEADER | 02725nam a2200493 i 4500 | ||
|---|---|---|---|
| 001 | 311571 | ||
| 003 | CZ PrSKC | ||
| 005 | 20260601215707.0 | ||
| 007 | ta | ||
| 008 | 220317s2022 xr g 000 f cze | ||
| 015 | |a cnb003402871 | ||
| 020 | |a 9788074770753 |q (vázáno) : |c Kč 599,00 | ||
| 035 | |a (OCoLC)1344359359 | ||
| 040 | |a ABG001 |b cze |d ABA001 |e rda | ||
| 041 | 1 | |a cze |h pol | |
| 072 | 7 | |a 821.162.1 |x Polská literatura |2 Konspekt | |
| 080 | |a 821.162.1-31 |2 MRF | ||
| 080 | |a (0:82-311.6) |2 MRF | ||
| 080 | |a (0:82-312.9) |2 MRF | ||
| 100 | 1 | |a Sapkowski, Andrzej, |d 1948- |7 jn20000604794 |4 aut | |
| 240 | 1 | 0 | |a Lux perpetua. |l Česky |7 aun20221160742 |
| 245 | 1 | 0 | |a Husitská trilogie. |b Kniha třetí, |p Lux perpetua / |c Andrzej Sapkowski ; z polského originálu Lux perpetua ... přeložil Stanislav Komárek |
| 246 | 3 | 0 | |a Lux perpetua |
| 250 | |a Vydání třetí | ||
| 264 | 1 | |a Petřvald : |b Leonardo, |c 2022 | |
| 300 | |a 578 stran ; |c 21 cm | ||
| 336 | |a text |b txt |2 rdacontent | ||
| 337 | |a bez média |b n |2 rdamedia | ||
| 338 | |a svazek |b nc |2 rdacarrier | ||
| 520 | 2 | |a Závěrečný díl „husitské“ trilogie, v němž hlavní hrdina nadále bojuje se všemi svými nepřáteli převážně na území Čech. |b Hlavní hrdina, Reinmar z Bělavy, se sice v předchozí knize (Boží bojovníci) úspěšně s pomocí husitů vypořádal s jedním ze svých největších nepřátel, jenomže další na svou pomstu teprve čekají. Jeho činnost husitského špeha mu v rodném Slezsku přinesla statut osoby nepopulární a nežádoucí. Posledním důsledkem toho je církevní klatba za kacířství. A právě do Slezska hlavní hrdina musí putovat, i když je to více než nebezpečné. Zdá se totiž, že to je místo, kde je ukryta jeho unesená žena Jutta a vinu nese zřejmě inkvizice. | |
| 546 | |a Český text | ||
| 655 | 7 | |a polské romány |7 fd133084 |2 czenas | |
| 655 | 7 | |a historické romány |7 fd132414 |2 czenas | |
| 655 | 7 | |a fantasy romány |7 fd184199 |2 czenas | |
| 655 | 9 | |a Polish fiction |2 eczenas | |
| 655 | 9 | |a historical novels |2 eczenas | |
| 655 | 9 | |a fantasy novels |2 eczenas | |
| 700 | 1 | |a Komárek, Stanislav, |d 1960- |7 jx20050105011 |4 trl | |
| 787 | 0 | 8 | |i Z cyklu: |t Husitská trilogie |g 3 |
| 900 | |a ABA001 |b 20 | ||
| 044 | |a xr | ||
| 910 | |a RBIT002 | ||
| 998 | |d 352420 |a https://core.palmknihy.cz/api/books/352420/cover?rbrs0j |b https://core.palmknihy.cz/api/books/352420/cover/400?rbrs0j |c https://core.palmknihy.cz/api/books/352420/cover/50?rbrs0j |e |g 578 |i 9788074770753 |j https://core.palmknihy.cz/api/books/352420/preview.epub |k https://core.palmknihy.cz/api/books/352420/preview.pdf |l |q 49 |r 1 |s https://www.palmknihy.cz/kniha/352420 |t ebook |y 2022 |z 0 |v Husitská trilogie |w 3 | ||
| 999 | |d 311569 | ||